000 00835cam a2200181 i 4500
005 20251113095300.0
008 250721s2007 jo gr 000 0 ara d
082 1 4 _a190
_bج ا ب
100 1 _aالجابري، علي حسين
_eمؤلف.
245 1 2 _aالفلسفة الغربية من التنوير إلى العدمية :
_bدراسة لكانط وهيجل ونيتشة وكارل بوبر ورجال مدرسة فرانكفورت الغربية المعاصرة في ظل العولمة /
_cتأليف أ.د. علي حسين الجابري.
250 _aالطبعة الأولى.
264 3 1 _aعمان :
_bدار مجدلاوي للنشر و التوزيع،
_c2007.
300 _a283 صفحة.
650 1 7 _aالفلسفة الحديثة.
650 1 7 _aالغرب.
942 _2ddc
_cBK
999 _c110021
_d110021